Welcome to CU Library Online Public Access Catalogue (OPAC)

Negotiation: (Record no. 5974)

MARC details
000 -LEADER
fixed length control field 00480nam a22001817a 4500
005 - DATE AND TIME OF LATEST TRANSACTION
control field 20250526163959.0
008 - FIXED-LENGTH DATA ELEMENTS--GENERAL INFORMATION
fixed length control field 250526b |||||||| |||| 00| 0 eng d
020 ## - INTERNATIONAL STANDARD BOOK NUMBER
International Standard Book Number 9780071254281
050 ## - LIBRARY OF CONGRESS CALL NUMBER
Classification number HD 58.6 LEW
Item number 1
100 ## - MAIN ENTRY--PERSONAL NAME
Personal name LEWICKI, J.Roy
245 ## - TITLE STATEMENT
Title Negotiation:
Remainder of title readings, exercises and cases
260 ## - PUBLICATION, DISTRIBUTION, ETC.
Place of publication, distribution, etc. Boston
Name of publisher, distributor, etc. McGraw-Hill
Date of publication, distribution, etc. 2007
300 ## - PHYSICAL DESCRIPTION
Extent vii,718p
500 ## - GENERAL NOTE
General note Name index,references
700 ## - ADDED ENTRY--PERSONAL NAME
Personal name BARRY,Bruce
700 ## - ADDED ENTRY--PERSONAL NAME
Personal name SAUNDERS,M David
942 ## - ADDED ENTRY ELEMENTS (KOHA)
Source of classification or shelving scheme Library of Congress Classification
Koha item type Books
Suppress in OPAC No
999 ## -
-- 5974
-- 5974
Holdings
Withdrawn status Lost status Source of classification or shelving scheme Damaged status Not for loan Collection Home library Current library Shelving location Date acquired Total checkouts Full call number Barcode Date last seen Copy number Price effective from Koha item type
    Library of Congress Classification     Non-fiction Graduate Library (Christ Temple) Graduate Library (Christ Temple) General stacks 05/26/2025   HD 58.6 LEW GSCT00001308 05/26/2025 1 05/26/2025 Books
    Library of Congress Classification     Non-fiction Graduate Library (Christ Temple) Graduate Library (Christ Temple) General stacks 05/26/2025   HD 58.6 LEW GSCT00001309 05/26/2025 2 05/26/2025 Books
    Library of Congress Classification     Non-fiction Graduate Library (Christ Temple) Graduate Library (Christ Temple) General stacks 05/26/2025   HD 58.6 LEW GSCT00001310 05/26/2025 3 05/26/2025 Books
    Library of Congress Classification     Non-fiction Graduate Library (Christ Temple) Graduate Library (Christ Temple) General stacks 05/26/2025   HD 58.6 LEW GSCT00001311 05/26/2025 4 05/26/2025 Books
© 2023-2024 Copyright: Central University Libraries. All Rights Reserved | Created by: Mahone Tech Office